000
002560000a22000970004500
100
1
_a
Dos Reis, Ana Isa
245
1
0
_a
Culto memorial e de apoio às pessoas enlutadas
300
_a
Vol.0, núm.20 (Agosto, 2006), Páginas 14-16
773
0
_t
TEAR
942
_c
ANA
999
_c
61605
_d
61605